00811cam a22002413a 450000100060000000300060000600500170001200800410002904000150007004200070008505000070009205000070009910000330010624502060013926000290034550600300037451600200040465300330042465300220045765300190047983000290049885600420052721280PGUSA20140828083443.0070503s2007||||xxu|||||s|||||000 | eng d aPGUSAbeng adc 4aDT 4aRD1 aMakins, George Henry,d1853-10aSurgical Experiences in South Africa, 1899-1900 :bBeing Mainly a Clinical Study of the Nature and Effects of Injuries Produced by Bullets of Small Calibreh[electronic resource] /cGeorge Henry Makins bProject Gutenberg,c2007 aPublic domain in the USA. aElectronic text aSouth African War, 1899-1902 aSurgery, Military aGunshot wounds 0aProject Gutenbergv2128040uhttp://www.gutenberg.org/ebooks/21280